Ricostruisci la Carriera del Calciatore - Alberto Paloschi - Statistics

Statistiche generali
  • Questo quiz è stato fatto 12 volte
  • Il punteggio medio è 4 su 11
Statistiche sulle risposte
Hint Risposta % Corretto
2011-2016 Chievo
73%
2007-2008 Milan
73%
2016-2017 Atalanta
55%
2023- Desenzano
36%
2021-2023 Siena
36%
2017-2020 SPAL
27%
2020 Cagliari
18%
2011 Genoa
18%
2020-2021 SPAL
18%
2008-2011 Parma
9%
2016 Swansea City
9%
Nessun quiz corrispondente trovato
Distribuzione punteggi
Percentuale di utenti per punteggio
Percentile per numero di risposta
I tuoi punteggi nel tempo
Non hai fatto questo quiz